000
00318nam a2200133Ia 4500
005
20260328101528.0
008
260328s9999||||xx |||||||||||||| ||und||
100
_a
Desideri, Paolo
245
0
_a
Pier Luigi Nervi /
_c
Paolo Desideri
260
_b
Gustavo Gili
300
_a
242 p.
650
_a
ARQUITECTOS
942
_c
BK
999
_c
9864
_d
9864